MARC

LEADER 00000nam0a2200000 4500
001 17745
005 20231101205150.0
035 |a (RuTPU)RU\TPU\book\17891 
035 |a BOOK00000070 
090 |a 17745 
100 |a 20011209d1985 m y0rusy50 ca 
101 0 |a rus 
102 |a RU 
105 |a y j 000zy 
200 1 |a Дипломное и курсовое проектирование по машинной обработке экономической информации  |e учебное пособие 
210 |a Москва  |c Финансы и статистика  |d 1985 
215 |a 239 с. 
606 1 |a Экономическая информация  |x Обработка на вычислительных машинах  |2 stltpush  |3 (RuTPU)RU\TPU\subj\26574  |9 50470 
610 1 |a экономика 
610 1 |a экономическая информация 
610 1 |a дипломное проектирование 
610 1 |a курсовое проектирование 
610 1 |a машинная обработка 
686 |a Ув6с51  |v LBC/SL-A  |2 rubbk 
801 0 |a RU  |b 63413507  |c 20011209  |g PSBO 
801 2 |a RU  |b 63413507  |c 20220825  |g PSBO 
942 |c BK